000 00554nam a2200181 i 4500
001 82481
003 ES-MaACL
005 20250830062136.0
008 041110s1969 sp |||| | spa d
100 1 _aIllanes Maestre, José Luis.
_965188
245 1 0 _aTeología del Dios vivo /
_cJosé Luis Illanes Maestre.
260 _a[Madrid] :
_bPalabra,
_c[1969]
300 _a63 p. ;
_c14 cm.
595 _aSeparata de la revista Palabra, n. 34, 1968.
650 0 7 _aTeología natural
_2embne
_917471
852 _aES-MaACL
_jC-53634
999 _c82481
_d82481